| 000 | 00000nam##2200000za#4500 |
| 001 | 9.607500 |
| 003 | CaOODSP |
| 005 | 20220328113248 |
| 007 | cr ||||||||||| |
| 008 | 150406|2014||||xxc|||||o f|0| 0 fre|d |
| 020 | |a978-0-660-22623-1 |
| 040 | |aCaOODSP|bfre |
| 043 | |an-cn--- |
| 086 | 1 |aIu172-1/2011-1F-PDF |
| 110 | 1 |aCanada. |bIndustrie Canada. |
| 245 | 10|aLes très gros producteurs contribuent-ils à l'écart de productivité entre le Canada et les États-Unis? : |h[ressource électronique]|bdonnées du secteur de la fabrication / |c[par] Michael-John Almon, Jianmin Tang. |
| 260 | |aOttawa - Ontario : |bIndustrie Canada |cc2014. |
| 300 | |a19p.|bgraphique, références, tableaux |
| 490 | 1 |aDocuments de travail de la Direction générale de la recherche économique et de l'analyse des politiques|v2011-01 |
| 590 | |a15-11|b2015-03-13 |
| 691 | 07|aProductivité|2gcpds |
| 775 | 08|tDo very large producers contribute to the Canada-U.S. productivity gap? : |w(CaOODSP)9.580644 |
| 830 | #0|aDocuments de travail de la Direction générale de la recherche économique et de l'analyse des politiques ;|v2011-01|w(CaOODSP)9.504011 |
| 856 | 40|ahttp://publications.gc.ca|qPDF|s805 Ko|uhttps://publications.gc.ca/collections/collection_2015/ic/Iu172-1-2011-1-fra.pdf|y2011-01 |